000
00300nam a2200121Ia 4500
008
190216s9999||||xx |||||||||||||| ||und||
100
_a
Ettumanoor Sivakumar
245
0
_a
Kamaladalam
260
_b
Janapriya Pusthakaprasadhanasala
_c
1998
300
_a
178p
650
_a
Malayalam Novel
942
_c
BK
999
_c
27694
_d
27694